Quizzes
Events
Quiz Creation
Community
Videos
Private Events
Remove Ads
Sign In
Join for FREE
Feedback
Dark Mode
Quiz Categories
Sports
Geography
Music
Movies
Television
Just For Fun
Miscellaneous
History
Literature
Language
Science
Gaming
Entertainment
Religion
Holiday
For Kids
Quiz Lab
Recent
Popular Today
Quiz Kudos Today
Editor Picks
Curator Picks
Quizzes by...
Day
Popularity
Type
Ratings
Length
Year
Community
Subscriptions
Recent Discussions
Orange Saloon
Badges
Playlists
Quests
Create
Leaderboards
Showdown
Live 5
Trivia Bingo
Activity
Puzzle Library
Sporcle Events
Private Events
Virtual Trivia
Globe League
Become a Host
Pub Owners
SporcleCon
Opinionation
Our Games
Videos
Blog
Mobile Apps
Partnerships
Remove Ads and Go Orange
Feedback
Entertainment
Celebrity
Famous
Musical
Broadway
Show
Quote
Comic Books
Anime
Superhero
DC Comics
Marvel
Cartoons
Animation
Entertainment
Celebrity
Famous
Musical
Broadway
Show
Quote
Comic Books
Anime
Superhero
DC Comics
Marvel
Cartoons
Animation
Random Quiz
Search Sporcle
×
Quiz Lab
Quiz Lab
Entertainment
Women
Type in answers that appear in a list
Type in answers that appear in a list
Classic
Best Score? Go Orange.
AskMen's Sexiest Women (2011) Stats
Can you name AskMen's Sexiest Women (2011)
By
xxeminemxx118
15m
99 Questions
210 Plays
210 Plays
210 Plays
Comments
Comments
Give Quiz Kudos
Give Quiz Kudos
-
- Ratings
hide this ad
Replay
Link that replays current quiz
Next Quiz
Link to next quiz in quiz playlist
You Got
0%
They Got
Avg Score
41%
Avg Friend Score
Upgrade to see
Score Distribution
Jump to the score distribution portion of the page
Score
0/99
Timer
15:00
0
Plays Today
Number
Answer
% Correct
2.
Mila Kunis
79.5%
41.
Rihanna
78.6%
13.
Jessica Alba
77.1%
11.
Natalie Portman
74.8%
17.
Emma Watson
74.8%
56.
Taylor Swift
74.8%
32.
Emma Stone
74.3%
49.
Megan Fox
74.3%
7.
Scarlett Johansson
73.8%
8.
Katy Perry
73.8%
67.
Angelina Jolie
72.4%
1.
Blake Lively
71%
29.
January Jones
70.5%
5.
Miranda Kerr
70%
38.
Jessica Biel
67.1%
3.
Sofía Vergara
66.7%
24.
Eva Mendes
66.7%
30.
Olivia Wilde
66.2%
42.
Adriana Lima
66.2%
9.
Anne Hathaway
65.7%
36.
Brooklyn Decker
65.7%
45.
Kim Kardashian
65.7%
48.
Kristen Bell
64.3%
90.
Kristen Stewart
64.3%
55.
Rashida Jones
63.8%
50.
Cameron Diaz
61.4%
26.
Shakira
60%
68.
Eva Longoria
59.5%
6.
Cheryl Cole
59%
18.
Marisa Miller
58.6%
47.
Olivia Munn
58.6%
85.
Halle Berry
58.6%
14.
Kate Beckinsale
57.1%
Number
Answer
% Correct
92.
Amanda Seyfried
56.7%
23.
Beyoncé
54.8%
54.
Keira Knightley
54.3%
21.
Christina Hendricks
53.8%
53.
Leighton Meester
53.8%
91.
Lea Michele
53.8%
16.
Penélope Cruz
52.9%
28.
Zoe Saldana
52.4%
31.
Alessandra Ambrosio
52.4%
44.
Zooey Deschanel
52.4%
34.
Gisele Bündchen
51.4%
71.
Amber Heard
51%
20.
Candice Swanepoel
50.5%
35.
Rachel McAdams
50.5%
61.
Kate Middleton
50.5%
99.
Minka Kelly
50.5%
27.
Kelly Brook
48.1%
83.
Rachel Bilson
48.1%
37.
Nicki Minaj
47.6%
19.
Bar Refaeli
47.1%
59.
Ashley Greene
46.7%
80.
Maria Sharapova
45.7%
15.
Rosie Huntington-Whiteley
41%
12.
Emmanuelle Chriqui
39.5%
81.
Dianna Agron
39%
25.
Keeley Hazell
38.6%
40.
Gemma Arterton
38.6%
39.
Malin Åkerman
37.1%
51.
Rose Byrne
34.8%
4.
Selita Ebanks
34.3%
58.
Marion Cotillard
33.3%
95.
Arianny Celeste
32.9%
46.
Maria Menounos
31.4%
Number
Answer
% Correct
72.
Emily Blunt
30.5%
70.
Pixie Lott
25.7%
82.
Freida Pinto
25.7%
69.
Padma Lakshmi
25.2%
52.
Odette Yustman
24.8%
78.
Daisy Lowe
21.4%
10.
Jessica Paré
20.5%
74.
Elisabetta Canalis
19.5%
98.
Camilla Belle
19.5%
43.
Alicia Keys
18.1%
22.
Liu Wen
17.1%
77.
Karen Gillan
17.1%
65.
Rachael Taylor
16.7%
62.
Priyanka Chopra
11.9%
94.
Maggie Grace
11.4%
73.
Jimena Navarrete
9.5%
97.
Ivanka Trump
9%
33.
Abbie Cornish
8.6%
84.
iJustine
7.6%
66.
Ana Beatriz Barros
6.7%
88.
Layla Kayleigh
6.7%
89.
Joan Smalls
5.7%
63.
Gretchen Mol
4.8%
96.
Ana de la Reguera
4.3%
60.
Elin Nordegren
2.9%
87.
Natalie Imbruglia
2.9%
64.
Shay Maria
1.4%
76.
Ophelia Lovibond
1.4%
79.
Alice Braga
1.4%
57.
Jessica Chobot
1%
86.
Rima Fakih
1%
75.
Maria Bartiromo
0%
93.
Larissa Riquelme
0%
Quiz Playlist
Details
Report
Send in Message
Add To Playlist
Classic:
Type in answers that appear in a list
Last Updated: Feb 16, 2017
Quiz Scoreboard
CHALLENGE
Sign Up to Join the Scoreboard
Show All
Scores
Hide
Comments
May contain spoilers
Recently Published
Movies - When Are They Set?
by FPL_Elf
Movies
5m
Popular People in 1961
by mucciniale
History
6m
1-10 Letter E Words III
by El_Dandy
Language
2m
More to Explore
Quiz From the Vault
Featured Blog Post
Where Did the Easter Bunny Come From?
hide this ad
You Might Also Like...
Tags
askmen
Top 99
Women
Today's Top Quizzes in Entertainment
Browse Entertainment
hide this ad
Today's Top Quizzes in Women
Browse Women
Top Contributed Quizzes in Entertainment
1
Kamen Rider Motifs
2
Dragon Ball Z: Goku's Fights in Order
3
Dragon Ball Z: Mega Character Search
4
One Piece Arcs By Order III
5
Marvel Characters Bunker
6
Criteria Quickie: Cartoon Taxonomy II
7
Undead Unluck Minefield
8
Survivor Winners Logic Quiz
9
JoJo's Bizarre Logic Quiz
10
Ana Gasteyer or Kathryn Hahn?
Explore More
Trending Topics
Anime
Crossword
Harry Potter
Marvel
Disney
NBA
Kpop
WWE
Puzzle
Song
Soccer
NFL
Country
Pokémon
The Office
hide this ad
More By:
xxeminemxx118
Quiz
Plays
Rating
Category
Featured
Created
Maxim's Hot 100 (2000)
718
4.00
Entertainment
Sep 7, 2013
Maxim's Hot 100 (2001)
660
Entertainment
Sep 7, 2013
Glamour's Sexiest Men of 2016
478
Entertainment
Feb 21, 2016
French actresses under 40
433
1.50
Entertainment
Oct 11, 2015
Men's Health Top 100 Sexiest Women in 2014
421
Entertainment
Sep 24, 2014
Go to Creator's Profile
Score Distribution
Quiz Creator Spotlight
xxeminemxx118
Follow
Send a Message
Quizzes Created
-
Created Quiz Play Count
-
More By This Creator
Popular Quizzes Today
1
Find the Countries of Europe - No Outlines Minefield
2
Find the US States - No Outlines Minefield
3
The Countries of the World
4
Popular People in 1961
5
US States
6
1-10 Letter E Words III
7
Find the US States
8
One Thing in Common: World Cities II
More Entertainment Quizzes
Anyone but Hulk
Quiz Lab
Trending Quizzes
Risky Map Clicking: Least Populous States A-Z
1-10 Letter F Words
Humor Books: The Subtitles
1-10 Letter G Words
One Thing in Common: United Kingdom
Recently Updated
Leaping Animals
pecheneg
Reality TV Shows (A-Z)
bhenderson79
Rickey Henderson's Hall of Fame Teammates
pecheneg
Champions League XIs: Arsenal
pecheneg
Quick Pick: Celebrities in WWE's Hall of Fame
aduchscher
A-Z Keypad Blitz II
pecheneg
Multiple Oscar Actors
pecheneg
Mystery Phrase Blitz: Oscar 'Best Actors'
pecheneg
F. Scott Fitzgerald Novels
LTH
Pick 3 Villains
ddd62291
Trending Topics
Anime
Kpop
Disney
NBA
Harry Potter
Marvel
Crossword
Soccer
WWE
The Office
Country
Puzzle
Pokémon
Song
NFL
Your Account Isn't Verified!
In order to create a playlist on Sporcle, you need to verify the email address you used during registration. Go to your
Sporcle Settings
to finish the process.
Report this User
Report this user for behavior that violates our
Community Guidelines
.
Details:
Send Report
Go to the Sporcle.com Mobile Site →
Comments